[Event "Litomysl Open 2018"]
[Site "Litomysl, Domov mladeze VOSP "]
[Date "2019.01.01"]
[Round "9.13"]
[White "Svanda, Adam"]
[Black "Jirousek, Jan"]
[Result "0-1"]
[WhiteElo "1932"]
[BlackElo "1785"]
[PlyCount "90"]
[EventDate "2018.12.26"]
[EventType "swiss"]
[EventRounds "9"]
[EventCountry "CZE"]
[SourceTitle "Ajedrez en Madrid"]
[Source "lmi"]
[SourceDate "2018.12.26"]
[SourceVersion "1"]
[SourceVersionDate "2019.01.04"]
[SourceQuality "1"]

1. e4 c6 2. d4 d5 3. Nc3 dxe4 4. Nxe4 Nf6 5. Nxf6+ exf6 6. c3 Bd6 7. Bd3 O-O 8.
Qc2 h5 9. Be3 Be6 10. Ne2 Qc7 11. Ng3 g6 12. Ne4 Be7 13. f3 Nd7 14. c4 f5 15.
Ng5 Bb4+ 16. Bd2 Qa5 17. a3 Bxd2+ 18. Qxd2 Qxd2+ 19. Kxd2 Rfe8 20. Rhe1 Nb6 21.
Nxe6 Rxe6 22. Rxe6 fxe6 23. Re1 Kf7 24. b3 Nd7 25. Kc3 Nf6 26. g3 g5 27. b4 g4
28. f4 h4 29. a4 a6 30. Kb3 Rd8 31. Kc3 hxg3 32. hxg3 Rh8 33. Rg1 Rh3 34. b5
axb5 35. cxb5 cxb5 36. Bxb5 Rxg3+ 37. Rxg3 Ne4+ 38. Kc4 Nxg3 39. Kc5 Ne4+ 40.
Kb6 Nc3 41. Bf1 Nxa4+ 42. Kxb7 Nc3 43. Kc6 Nd5 44. Kd6 Kf6 45. Bc4 Nxf4 0-1

[Event "Litomysl Open 2018"]
[Site "Litomysl, Domov mladeze VOSP "]
[Date "2019.01.01"]
[Round "9.16"]
[White "Hayrumyan, Artur"]
[Black "Bartos, Karel"]
[Result "0-1"]
[WhiteElo "1490"]
[BlackElo "1856"]
[PlyCount "78"]
[EventDate "2018.12.26"]
[EventType "swiss"]
[EventRounds "9"]
[EventCountry "CZE"]
[SourceTitle "Ajedrez en Madrid"]
[Source "lmi"]
[SourceDate "2018.12.26"]
[SourceVersion "1"]
[SourceVersionDate "2019.01.04"]
[SourceQuality "1"]

1. e4 d5 2. exd5 Qxd5 3. Nc3 Qa5 4. Bc4 Nf6 5. h3 c6 6. Nf3 Bf5 7. d3 e6 8. a3
Nbd7 9. Nh4 Bg6 10. Nxg6 hxg6 11. Be3 Be7 12. Qe2 O-O-O 13. b4 Bxb4 14. O-O
Bxc3 15. Rab1 Nd5 16. Rb3 Nxe3 17. Qxe3 Bf6 18. d4 Nb6 19. Be2 Bxd4 20. Qf4 Bf6
21. Rfb1 Qe5 22. Qf3 Qd5 23. Qg4 Rh4 24. Qg3 Qe5 25. c4 Qxe2 26. c5 Rd1+ 27.
Rxd1 Qxd1+ 28. Kh2 Nd7 29. Rd3 Be5 30. Rxd1 Bxg3+ 31. Kxg3 Rc4 32. f4 Rxc5 33.
Rd3 Ra5 34. Kh4 Nb6 35. Rc3 Nd5 36. Rf3 Ra4 37. g3 Kd7 38. Kg5 Ke7 39. h4 c5
0-1

[Event "Litomysl Open 2018"]
[Site "Litomysl, Domov mladeze VOSP "]
[Date "2019.01.01"]
[Round "9.20"]
[White "Jedrzejko, Martyna"]
[Black "Korcz, Daniel"]
[Result "0-1"]
[WhiteElo "1528"]
[BlackElo "1832"]
[PlyCount "68"]
[EventDate "2018.12.26"]
[EventType "swiss"]
[EventRounds "9"]
[EventCountry "CZE"]
[SourceTitle "Ajedrez en Madrid"]
[Source "lmi"]
[SourceDate "2018.12.26"]
[SourceVersion "1"]
[SourceVersionDate "2019.01.04"]
[SourceQuality "1"]

1. e4 e5 2. Nf3 Nc6 3. Bc4 Nf6 4. d3 Bc5 5. c3 Bb6 6. O-O d6 7. Nbd2 Ne7 8. Re1
O-O 9. Bb3 c6 10. Nf1 Ng6 11. Ng3 h6 12. h3 Be6 13. Bc2 Qd7 14. d4 Rad8 15. Ba4
Qc7 16. Bc2 d5 17. exd5 Bxd5 18. Nxe5 Nxe5 19. Rxe5 c5 20. Bf4 cxd4 21. cxd4
Bxd4 22. Re4 Bxf2+ 23. Kxf2 Nxe4+ 24. Nxe4 Qxf4+ 25. Qf3 Qxf3+ 26. gxf3 Bxe4
27. Bxe4 Rd2+ 28. Kg3 Rxb2 29. Bd5 Rd8 30. Rd1 Kf8 31. Bb3 Rxd1 32. Bxd1 Rxa2
33. Bb3 Rb2 34. Bd5 a5 0-1

[Event "Litomysl Open 2018"]
[Site "Litomysl, Domov mladeze VOSP "]
[Date "2019.01.01"]
[Round "9.26"]
[White "Krawczyk, Eryk"]
[Black "Rogge, Marloes"]
[Result "0-1"]
[WhiteElo "1000"]
[BlackElo "1513"]
[PlyCount "72"]
[EventDate "2018.12.26"]
[EventType "swiss"]
[EventRounds "9"]
[EventCountry "CZE"]
[SourceTitle "Ajedrez en Madrid"]
[Source "lmi"]
[SourceDate "2018.12.26"]
[SourceVersion "1"]
[SourceVersionDate "2019.01.04"]
[SourceQuality "1"]

1. d4 d5 2. c4 e6 3. Nc3 Be7 4. Nf3 Nf6 5. Bg5 b6 6. e3 Bb7 7. Be2 Nbd7 8. O-O
O-O 9. Re1 c5 10. b3 Ne4 11. Nxe4 dxe4 12. Bxe7 Qxe7 13. Nd2 f5 14. f3 exf3 15.
Bxf3 Bxf3 16. Nxf3 Rad8 17. Re2 g5 18. Qe1 Rf7 19. e4 f4 20. d5 g4 21. Nd2 Ne5
22. Qc1 f3 23. Re3 Qg5 24. Nf1 fxg2 25. Kxg2 Rxf1 26. Kxf1 Rf8+ 27. Ke2 Rf3 28.
Rb1 Qh4 29. Qg1 h5 30. Rxf3 Nxf3 31. Qg3 Qg5 32. h3 Qd2+ 33. Kf1 Qd3+ 34. Kf2
Qxb1 35. h4 Qe1+ 36. Kg2 Qg1# 0-1